Élimination par Catégorie - Ballon d'Or - Statistiques

Statistiques générales
  • Ce quiz a été pris 10 545 fois
  • Le résultat moyen est 5 sur 10
Statistiques - réponses
Groupe # Catégorie % Correct
Vert 30 Joueur nommé au Ballon d'Or 2019
100%
Vert 15 ... qui ne joue pas en Premier League (2019-2020)
99%
Jaune 29 Joueur ayant figuré sur le podium du Ballon d'Or depuis 2000
74%
Jaune 16 ... qui n'a jamais remporté la coupe du monde
71%
Vert 10 ... n'ayant jamais figuré dans le top 5 du Ballon d'Or
45%
Jaune 8 ... qui n'a également jamais joué en Liga
43%
Jaune 4 ... a moins de 100 séléctions en équipe nationale
34%
Vert 4 ... jouant au poste de défenseur ou de gardien de but
27%
Jaune 1 ... et a joué à la Juventus Pavel Nedvěd
13%
Vert 1 ... et de moins de 24 ans Matthijs de Ligt
11%
Aucun quiz correspondant
Distribution des résultats
% des personnes avec chaque résultat
Percentile par nombre de réponses
Votre historique - résultats
Vous n’avez pas pris ce quiz